000 01433nam a2200409 a 4500
001 000114908
003 CHAP
005 20220329144503.0
008 180802s2014 mx a |rl l||0|0|spa d
010 _a111369
011 _a112341
020 _a9786079668303
040 _cCHAP
082 0 4 _a028.535
_bG98
100 1 _aGutiérrez Valencia, Ariel.
_9134531
245 1 0 _aRumbo al acceso pleno a la sociedad del conocimiento :
_bprograma de fomento de la lectura de la Universidad Olmeca 2013-2020 /
_cpor Ariel Gutiérrez Valencia.
246 1 0 _aTowards full access to the knowledge society
250 _a[Edición bilingüe]
260 _aMéxico :
_bUniversidad Olmeca,
_c2014.
300 _a88 p.
546 _aTexto en español e inglés.
590 _aBATCH-UPD
_b05
_c20190514
_lUCH01
_h1005
590 _aE11695DGD
_b10
_c20190514
_lUCH01
_h1023
590 _aE11695DGD
_b10
_c20190514
_lUCH01
_h1026
590 _aE11695DGD
_b10
_c20190514
_lUCH01
_h1416
590 _aE8697GMM
_b05
_c20180802
_lUCH01
_h0849
590 _aE8697GMM
_b05
_c20180802
_lUCH01
_h0856
590 _aE8697GMM
_b05
_c20180806
_lUCH01
_h0920
590 _aE8697GMM
_b05
_c20190513
_lUCH01
_h1558
590 _aE8697GMM
_b05
_c20190514
_lUCH01
_h1004
650 1 4 _aAprendizaje
_xEvaluación
_96371
650 1 4 _aLectura (universitaria)
_zMéxico.
_9127754
650 1 4 _aSociología educativa.
_9108211
901 _aBK
942 _cLIBRO
942 _n0
999 _c111369
_d111369